000 00942pam a2200253 a 4500
001 4344492
003 NUST-PNEC
005 20170116180738.0
008 890727s1990 nyua b 001 0 eng
010 _a 89019853
020 _a1560320486 :
040 _aDLC
_cPNEC
050 0 0 _aQ335
_b.C38 1990
082 0 0 _a006.3015118 HOR
_220
100 _91081
_aHorn Werner
245 0 0 _aCausal AI models : steps toward applications /
_cedited by Werner Horn.
260 _aNew York :
_bHemisphere Pub. Corp.,
_cc1990.
300 _axi, 319 p. :
_bill. ;
_c26 cm.
504 _aIncludes bibliographical references.
650 0 _aArtificial intelligence
_xMathematical models.
_vMIS, Computer
856 _uhttp://www.amazon.com/Causal-Ai-Models-Toward-Applications/dp/1560320486/ref=sr_1_1?s=books&ie=UTF8&qid=1418103023&sr=1-1&keywords=1560320486&pebp=1418102987602
906 _a7
_bcbc
_corignew
_d1
_eocip
_f19
_gy-gencatlg
942 _2ddc
_cBK
999 _c62078
_d62078